Criminal law and its processes; (Record no. 50385)
[ view plain ]
| 000 -LEADER | |
|---|---|
| fixed length control field | 01186nac a2200349 i 4500 |
| 001 - CONTROL NUMBER | |
| control field | 1322443 |
| 003 - CONTROL NUMBER IDENTIFIER | |
| control field | EG-GICUC |
| 005 - DATE AND TIME OF LATEST TRANSACTION | |
| control field | 20260121101501.0 |
| 008 - FIXED-LENGTH DATA ELEMENTS--GENERAL INFORMATION | |
| fixed length control field | 700116s1969 mau b 001 0 eng |
| 040 ## - CATALOGING SOURCE | |
| Original cataloging agency | DLC |
| Transcribing agency | DLC |
| Modifying agency | DLC |
| -- | EG-GICUC |
| Language of cataloging | eng |
| Description conventions | rda |
| 050 00 - LIBRARY OF CONGRESS CALL NUMBER | |
| Classification number | KF9218 |
| Item number | .K3 1969 |
| 082 00 - DEWEY DECIMAL CLASSIFICATION NUMBER | |
| Classification number | 343.1 |
| Edition number | 21 |
| 092 04 - LOCALLY ASSIGNED DEWEY CALL NUMBER (OCLC) | |
| Edition number | 21 |
| 099 ## - LOCAL FREE-TEXT CALL NUMBER (OCLC) | |
| Classification number | Law 10 1969 |
| 100 1# - MAIN ENTRY--PERSONAL NAME | |
| Personal name | Kadish, Sanford H. |
| 245 10 - TITLE STATEMENT | |
| Title | Criminal law and its processes; |
| Remainder of title | cases and materials |
| Statement of responsibility, etc. | [by] Sanford H. Kadish [and] Monrad G. Paulsen. |
| 250 ## - EDITION STATEMENT | |
| Edition statement | 2d edition. |
| 264 ## - PRODUCTION, PUBLICATION, DISTRIBUTION, MANUFACTURE, AND COPYRIGHT NOTICE | |
| Place of production, publication, distribution, manufacture | Boston : |
| Name of producer, publisher, distributor, manufacturer | Little, Brown, |
| Date of production, publication, distribution, manufacture, or copyright notice | 1969. |
| 300 ## - PHYSICAL DESCRIPTION | |
| Extent | li, 1462 page ; |
| Dimensions | 25 cm. |
| 336 ## - CONTENT TYPE | |
| Content type term | text |
| Content type code | txt |
| Source | rdacontent |
| 337 ## - MEDIA TYPE | |
| Media type term | unmediated |
| Media type code | n |
| Source | rdamedia |
| 338 ## - CARRIER TYPE | |
| Carrier type term | volume |
| Carrier type code | nc |
| Source | rdacarrier |
| 490 0# - SERIES STATEMENT | |
| Series statement | Law school casebook series |
| 500 ## - GENERAL NOTE | |
| General note | Author's names in reverse order in 1st ed., 1962. |
| 504 ## - BIBLIOGRAPHY, ETC. NOTE | |
| Bibliography, etc. note | Bibliography: p. [1421-1442] and index. |
| 650 #0 - SUBJECT ADDED ENTRY--TOPICAL TERM | |
| Topical term or geographic name entry element | Criminal law |
| Geographic subdivision | United States |
| General subdivision | Cases. |
| 650 #0 - SUBJECT ADDED ENTRY--TOPICAL TERM | |
| Topical term or geographic name entry element | Criminal justice, Administration of |
| Geographic subdivision | United States |
| General subdivision | Cases. |
| 700 1# - ADDED ENTRY--PERSONAL NAME | |
| Personal name | Paulsen, Monrad G., |
| Relator term | joint author. |
| 856 40 - ELECTRONIC LOCATION AND ACCESS | |
| Uniform Resource Identifier | <a href="https://fll.law.cu.edu.eg/fulltext/bks/ENGB10-00028.pdf">https://fll.law.cu.edu.eg/fulltext/bks/ENGB10-00028.pdf</a> |
| 905 ## - Cataloger and Reviser Names | |
| Cataloger Name: | Hend El khosy |
| 942 ## - ADDED ENTRY ELEMENTS (KOHA) | |
| Source of classification or shelving scheme | Dewey Decimal Classification |
| Koha item type | Books |
| Edition | 21 |
| Suppress in OPAC | No |
| Withdrawn status | Lost status | Source of classification or shelving scheme | Damaged status | Not for loan | Collection | Home library | Current library | Date acquired | Total checkouts | Full call number | Barcode | Date last seen | Copy number | Price effective from | Koha item type | Public note |
|---|---|---|---|---|---|---|---|---|---|---|---|---|---|---|---|---|
| Dewey Decimal Classification | القانون الجنائي | جــــامعة القــاهرة | مكتبة كلية الحقوق - فـرع الشيخ زايد | 14.12.2025 | Law2 10 343.1 KA . C 2 ed -1969 1000028 C1 | ENGB10-00028 | 14.12.2025 | 1 | 14.12.2025 | Books | 1292 | |||||
| Dewey Decimal Classification | القانون الجنائي | جــــامعة القــاهرة | مكتبة كلية الحقوق - فـرع الشيخ زايد | 14.12.2025 | Law2 10 343.1 KA . C 2 ed -1969 1000029 C2 | ENGB10-00029 | 14.12.2025 | 2 | 14.12.2025 | Books | 1294 |